Lịch sử tư tưởng Việt Nam T.1 /

Những tinh hoa tư tưởng dân tộc, tư tưởng Việt Nam từ thời xa xưa đến ngày nay; Những tư tưởng bình dân, thời Bắc thuộc, thời Đinh Lê, Thời Lý Trần… được nghiên cứu dưới ánh sáng của chủ nghĩa Mác-Lê và tư tưởng Hồ Chí Minh.

Salvato in:
Dettagli Bibliografici
Autore principale: Nguyễn Đăng Thục.
Natura: Libro
Lingua:Vietnamese
Pubblicazione: Tp.HCM : Nxb Tp.HCM, 1998.
Soggetti:
Tags: Aggiungi Tag
Nessun Tag, puoi essere il primo ad aggiungerne! !
Thư viện lưu trữ: Mạng thư viện Đại học Đà Nẵng
LEADER 01142cam a2200337 i 4500
001 000042406
003 280
005 20041029141741.0
008 010217b1998 vm 000 vie
022 |a T 
040 |a IRC  |c IRC  |d IRC 
041 0 |a vie 
082 1 4 |a 110  |b NG-T 
100 1 |a Nguyễn Đăng Thục. 
245 1 0 |a Lịch sử tư tưởng Việt Nam  |n T.1 /  |c Nguyễn Đăng Thục. 
260 |a Tp.HCM :  |b Nxb Tp.HCM,  |c 1998. 
300 |a 467 tr. ;  |c 19 cm. 
520 3 |a Những tinh hoa tư tưởng dân tộc, tư tưởng Việt Nam từ thời xa xưa đến ngày nay; Những tư tưởng bình dân, thời Bắc thuộc, thời Đinh Lê, Thời Lý Trần… được nghiên cứu dưới ánh sáng của chủ nghĩa Mác-Lê và tư tưởng Hồ Chí Minh. 
630 0 4 |a Lịch sử. 
630 0 4 |a Lịch sử tư tưởng. 
650 0 4 |a Lịch sử tư tưởng. 
OWN |a DUT 
999 |a From the UDN01 
TYP |a Monograph 
TYP |a Printed language 
980 |a Mạng thư viện Đại học Đà Nẵng